[Event "Regionalliga NW 0304"]
[Site "Bayern"]
[Date "2003.10.12"]
[Round "1.7"]
[White "Kwossek, Martin"]
[Black "Boeckler, Michael"]
[Result "1/2-1/2"]
[WhiteElo "1825"]
[BlackElo "1766"]
[PlyCount "38"]
[EventDate "2003.10.12"]
[EventType "team-tourn"]
[EventRounds "9"]
[EventCountry "GER"]
[SourceTitle "EXT 2006"]
[Source "ChessBase"]
[SourceDate "2005.11.24"]
[SourceVersion "1"]
[SourceVersionDate "2005.11.24"]
[SourceQuality "1"]
[WhiteTeam "Kitzingen"]
[BlackTeam "Koenigshofen"]
[WhiteTeamCountry "GER"]
[BlackTeamCountry "GER"]

1. e4 e6 2. d4 d5 3. Nd2 c5 4. exd5 exd5 5. Ngf3 Nc6 6. c3 Bd6 7. dxc5 Bxc5 8. Nb3 Bb6 9. Be2 Nf6 10. 0-0 Bg4 11. Bg5 h6 12. Bxf6 Qxf6 13. Qxd5 0-0 14. Qe4 Rfe8 15. Qxg4 Rxe2 16. Rab1 Rae8 17. Qh4 Qg6 18. Nbd2 Ne5 19. Rbe1 Nd3 1/2-1/2

[Event "Regionalliga NW 0001"]
[Site "Bayern"]
[Date "2001.01.28"]
[Round "5.8"]
[White "Meier, Gerd"]
[Black "Kwossek, Martin"]
[Result "1/2-1/2"]
[WhiteElo "1809"]
[BlackElo "1875"]
[PlyCount "95"]
[EventDate "2000.10.15"]
[EventType "team-tourn"]
[EventRounds "9"]
[EventCountry "GER"]
[SourceTitle "EXT 2020"]
[Source "ChessBase"]
[SourceDate "2019.10.17"]
[SourceVersion "1"]
[SourceVersionDate "2019.10.17"]
[SourceQuality "1"]
[WhiteTeam "Hof SK"]
[BlackTeam "Kitzingen SC"]
[WhiteTeamCountry "GER"]
[BlackTeamCountry "GER"]

1. e4 c5 2. Nf3 d6 3. d4 cxd4 4. Nxd4 Nf6 5. Nc3 a6 6. Bg5 e6 7. f4 Be7 8. Qf3 Qc7 9. 0-0-0 Nc6 10. g4 Bd7 11. Bg2 Rc8 12. Nb3 b5 13. Bxf6 Bxf6 14. g5 Be7 15. Rd2 b4 16. Ne2 a5 17. Kb1 e5 18. h4 a4 19. Nbc1 Na5 20. b3 Bb5 21. Bh3 Ra8 22. Rf1 exf4 23. Qxf4 0-0 24. h5 Qc5 25. Rd5 Qb6 26. Qf5 Bxe2 27. Nxe2 axb3 28. cxb3 Nxb3 29. axb3 Qa6 30. Qf3 Qa2+ 31. Kc1 Qa1+ 32. Kd2 Ra2+ 33. Ke3 Qb2 34. Kf2 Ra3 35. Rd3 Bxg5 36. Kg2 Ra2 37. Rf2 Ra1 38. Ng3 Qa3 39. Nf5 Qa7 40. Rf1 Ra2+ 41. Rf2 Ra1 42. Rxd6 g6 43. Rd7 Qc5 44. Rd5 Qc1 45. Rf1 Qxf1+ 46. Qxf1 Rxf1 47. Kxf1 gxf5 48. Bxf5 1/2-1/2